Streamers français - Statistiques

Statistiques générales
  • Ce quiz a été pris 170 fois
  • Le résultat moyen est 10 sur 40
Statistiques - réponses
Vrai nom Nom de Streamer % Correct
Kamel Kébir Kameto
80%
Inès Benazzouz Inoxtag
73%
Corentin Houssein Gotaga
72%
Pierre-Alexis Bizot Domingo
69%
Miguel Mattioli Michou
61%
Adrien Nougaret ZeratoR
54%
Xavier Pivot Xari
52%
Frédéric Molas Joueur du Grenier
50%
Rayenne Guendil Etoiles
47%
Xavier Dang Mister MV
45%
Pierre Aymeric Aypierre
43%
Justine Noguera Baghera Jones
41%
Arif Akin Doigby
41%
Andréas Honnet Sardoche
34%
Aurélien Gilles Ponce
32%
Ludovic Save Jiraya
28%
Damien Laguionie Terracid
27%
Thomas Iturrald Laink
24%
Alexandra Ropelé Jeel
19%
Romain Faurie Mynthos
19%
Emmanuel Marquez MoMaN
18%
Clara Gobert Clara Doxal
16%
Alexis Rodrigues Dr FeelGood
13%
Théo Reunbot Rivenzi
13%
Willy Dias Skyyart
12%
Guillaume Reynaud Kenny
8%
Julien Dupré JBZZ
7%
Kevin Bordi Blitzstream
6%
Sébastien Férez AlphaCast
4%
Jérémy Avril Mister JDay
4%
Claudia Fotarensky Pressea
4%
Enzo Adam Shisheyu
4%
Quentin Martinez Tonton
4%
Prescilia Poirel Trinity
4%
Elsa Müller LyeGaia
3%
Even Guillou Wingobear
3%
Benjamin Louis Berlu
1%
Camille Prigent Camak
1%
Yoann Verdier Ken Bogard
1%
Antoine Billy TPK
1%
Aucun quiz correspondant
Distribution des résultats
% des personnes avec chaque résultat
Percentile par nombre de réponses
Votre historique - résultats
Vous n’avez pas pris ce quiz